Principles of microeconomics. / (Record no. 6569)
[ view plain ]
| 000 -LEADER | |
|---|---|
| fixed length control field | 01536nam a22001937a 4500 |
| 008 - FIXED-LENGTH DATA ELEMENTS--GENERAL INFORMATION | |
| fixed length control field | 180416b xxu||||| |||| 00| 0 eng d |
| 020 ## - INTERNATIONAL STANDARD BOOK NUMBER | |
| International Standard Book Number | 0030340675 |
| 050 ## - LIBRARY OF CONGRESS CALL NUMBER | |
| Classification number | HB172.P744 |
| 100 ## - MAIN ENTRY--PERSONAL NAME | |
| Personal name | Mankiw, Gregory N. |
| 245 ## - TITLE STATEMENT | |
| Title | Principles of microeconomics. / |
| Statement of responsibility, etc. | Gregory N. Mankiw et al. |
| 260 ## - PUBLICATION, DISTRIBUTION, ETC. | |
| Place of publication, distribution, etc. | Toronto : |
| Name of publisher, distributor, etc. | Thomson Nelson, |
| Date of publication, distribution, etc. | 2002. |
| 300 ## - PHYSICAL DESCRIPTION | |
| Extent | xi, 512 p. : |
| Other physical details | ill. ; |
| Dimensions | 26cm. |
| 500 ## - GENERAL NOTE | |
| General note | Includes Index. |
| 505 ## - FORMATTED CONTENTS NOTE | |
| Formatted contents note | Contents:Part one: Introduction: Ten principles of economics -- Thinking like Economist -- Interdependence and the Gains from trade --Part two: Supply and demand1: How markets work: The market forces of supply and demand -- Elasticity and its Application -- Supply, demand and Government Policies -- Part three: Supply and demand 2: Markets and welfare: Consumers, producers, and Efficiency of Markets -- Applications:The cost of taxation -- Application: International trade -- Part four: The Economics of the Public Sector: Externalities -- Public goods and common resources -- The design of the Tax system -- Part five: Firm Behaviour and the organization of industry: The cost of production -- Firms in competitives market -- Monopoly -- Oligopoly -- Monopolistic Competition -- Part six: The economics of Labour Market: The markets for the factors of production -- Earnings and Discrimination income Inequality and Poverty -- Part Seven: Advanced Topics: The Theory of Consumer choice. |
| 700 ## - ADDED ENTRY--PERSONAL NAME | |
| Personal name | Kneebone Ronald D. |
| 700 ## - ADDED ENTRY--PERSONAL NAME | |
| Personal name | McKenzie, Kenneth J. |
| 700 ## - ADDED ENTRY--PERSONAL NAME | |
| Personal name | Rowe, Nicholas. |
| 942 ## - ADDED ENTRY ELEMENTS (KOHA) | |
| Source of classification or shelving scheme | Library of Congress Classification |
| Koha item type | Books |
| Withdrawn status | Lost status | Source of classification or shelving scheme | Damaged status | Not for loan | Home library | Current library | Shelving location | Date acquired | Total Checkouts | Full call number | Barcode | Date last seen | Copy number | Price effective from | Koha item type |
|---|---|---|---|---|---|---|---|---|---|---|---|---|---|---|---|
| Library of Congress Classification | WISCONSIN INTERNATIONAL UNIVERSITY COLLEGE, GHANA - MAIN LIBRARY | WISCONSIN INTERNATIONAL UNIVERSITY COLLEGE, GHANA - MAIN LIBRARY | General Stacks | 16/04/2018 | HB172.P744 | 8054/016/16 | 16/04/2018 | 1 | 16/04/2018 | Books |
